The decline of the West / (Record no. 21585)
[ view plain ]
| 000 -LEADER | |
|---|---|
| fixed length control field | 00971nam a22002891a 4500 |
| 001 - CONTROL NUMBER | |
| control field | 21585 |
| 003 - CONTROL NUMBER IDENTIFIER | |
| rucl marc code | BD-RjUL |
| 005 - DATE AND TIME OF LATEST TRANSACTION | |
| control field | 20211209000714.0 |
| 008 - FIXED-LENGTH DATA ELEMENTS--GENERAL INFORMATION | |
| fixed length control field | 720107s1962 nyu 000 0 eng |
| 035 ## - SYSTEM CONTROL NUMBER | |
| System control number | (BD-RjUL)21649 |
| 040 ## - CATALOGING SOURCE | |
| Original cataloging agency | DLC |
| Transcribing agency | DLC |
| Modifying agency | BD-RjUL |
| Language of cataloging | eng |
| 041 1# - LANGUAGE CODE | |
| Language code of text/sound track or separate title | eng |
| Language code of original | ger |
| 082 00 - DEWEY DECIMAL CLASSIFICATION NUMBER | |
| Classification number | 901.9 |
| Author mark and year | SPO 1962 |
| 100 1# - MAIN ENTRY--PERSONAL NAME | |
| Personal name | Spengler, Oswald, |
| Dates associated with a name | 1880-1936. |
| 9 (RLIN) | 66672 |
| 245 14 - TITLE STATEMENT | |
| Title | The decline of the West / |
| Statement of responsibility, etc. | an abridged edition by Helmut Werner ; English abridged edition prepared by Arthur Helps from the translation by Charles Francis Atkinson. |
| 250 ## - EDITION STATEMENT | |
| Edition statement | [1st American ed.] |
| 260 ## - PUBLICATION, DISTRIBUTION, ETC. (IMPRINT) | |
| Place of publication, distribution, etc. | New York : |
| Name of publisher, distributor, etc. | Knopf, |
| Date of publication, distribution, etc. | 1962. |
| 300 ## - PHYSICAL DESCRIPTION | |
| Pagination | xxvii, 414, xxviii p. : |
| Size | 25 cm. |
| 650 #0 - SUBJECT ADDED ENTRY--TOPICAL TERM | |
| Topical term or geographic name as entry element | Civilization |
| General subdivision | History. |
| 9 (RLIN) | 66673 |
| 700 1# - ADDED ENTRY--PERSONAL NAME | |
| Personal name | Werner, Helmut. |
| Personal name | Helps, Arthur. |
| Personal name | Atkinson, Charles Francis, |
| Dates associated with a name | 1880- |
| 942 ## - ADDED ENTRY ELEMENTS (KOHA) | |
| Source of classification or shelving scheme | Dewey Decimal Classification |
| Koha item type | Books |
| Lost status | Source of classification or shelving scheme | Damaged status | Not for loan | Collection code | Permanent Location | Current Location | Shelving location | Date acquired | Source of acquisition | Cost, normal purchase price | Total Checkouts | Full call number | Date last seen | Copy number | Koha item type |
|---|---|---|---|---|---|---|---|---|---|---|---|---|---|---|---|
| Dewey Decimal Classification | Added to bundle | Non-fiction | Central Library, University of Rajshahi | Central Library, University of Rajshahi | Reading Room | 28/09/1965 | Zeittinger | 50.00 | 901.9 SPO 1962 | 04/03/2014 | C-1 | Books |